000 01029nam a2200313 a 4500
001 000110668
003 CHAP
005 20220329144142.0
008 140924s2012 mx a |r| |||0|||spa d
010 _a107130
011 _a108102
020 _a9786074016239
040 _cCHAP
082 0 4 _a306.87089
_bE82
245 0 1 _aEstudio sobre parentesco rarámuri y ranchero en el noroeste de México /
_ccoordinado por María Eugenia Olavarría y Isabel Martínez.
260 _aMéxico, D.F. :
_bUAM. Unidad Iztapalapa,
_c2012.
300 _a219 p. :
_bil. ;
_c2012.
490 0 _aAntropología y Etnología
590 _aE11695DGD
_b10
_c20141027
_lUCH01
_h1336
590 _aE11695DGD
_b10
_c20160428
_lUCH01
_h1339
590 _aE5652GLJ
_b05
_c20140924
_lUCH01
_h1148
650 1 4 _aEtnografía.
_938651
650 1 4 _aTarahumaras
_xVida social y costumbres.
_9128198
700 1 _aMartínez, Isabel
_ecoord.
_9128492
700 1 _aOlavarría, María Eugenia
_ecoord.
_9128491
901 _aBK
942 _cLIBRO
942 _n0
999 _c107130
_d107130